00872nam a22002417a 45000010005000000030006000050050017000110080041000280200018000690400029000870500019001160820013001351000017001482450039001652600038002043000047002424900054002895050007003435200208003505210019005585210018005776500035005957181FISKH20250701143254.0250701b cb ||||| |||| 00| 0 eng d a9780531204306 aFISKHbengcFISKHdFISKH a GV943.25 .F35 a796.334  aFalk, Laine  aLet's talk soccer /cby Laine Falk aNew York : bScholastic, c2009.  a24 pages : bcolor illustrations ; c21 cm aScholastic News Nonfiction Readers: vSports Talk aL  aPhotographs and simple text describe the positions and techniques of soccer including heading and passing the ball, the goalie's job, scoring a goal, dribbling and juggling, and what soccer players wear.8 a510 bLexile 8 aL bRaz-Plus  aSports vGame rulesxTechnique